The Financial Quantification of Various Business Programs Aimed at Enhancing Digital Skills

V dnešnom svete je investícia spoločností do zlepšovania digitálnych zručností svojich zamestnancov kľúčovým faktorom pre obchodný úspech a zlepšenie výkonnosti ľudského kapitálu. Význam digitálnych zručností zdôrazňujú aj mnohé dokumenty Európskej únie. Primárnym cieľom tohto ArKcle bolo navrhnúť f...

Descrizione completa

Salvato in:
Dettagli Bibliografici
Autore principale: Kocúrová, Nina, 1997-
Natura: Capitolo di libro
Lingua:inglese
Soggetti:
Tags: Aggiungi Tag
Nessun Tag, puoi essere il primo ad aggiungerne!!

MARC

LEADER 00000naa$a2200000$$$4500
001 0310746
005 20250611115235.5
041 0 |a eng 
044 |a SK 
245 1 0 |a The Financial Quantification of Various Business Programs Aimed at Enhancing Digital Skills  |c Nina Kocúrová 
520 |a V dnešnom svete je investícia spoločností do zlepšovania digitálnych zručností svojich zamestnancov kľúčovým faktorom pre obchodný úspech a zlepšenie výkonnosti ľudského kapitálu. Význam digitálnych zručností zdôrazňujú aj mnohé dokumenty Európskej únie. Primárnym cieľom tohto ArKcle bolo navrhnúť firemné vzdelávacie stratégie pre firmy hlavne na Slovensku a v členských štátoch EÚ, ktoré by motivovali zamestnancov k účasti na kurzoch a školeniach zameraných na rozvoj digitálnych zručností. Okrem toho sa zameral na zdôraznenie kľúčových ukazovateľov finančnej výkonnosti, ktoré sú potrebné pre efektívne vzdelávanie zamestnancov. 
610 2 0 |a zručnosti digitálne 
610 2 0 |a podnikanie 
610 2 0 |a spolupráca podnikov 
610 2 0 |a konkurencia 
610 2 0 |a spotrebitelia 
610 2 0 |a zamestnanci 
100 1 |a Kocúrová, Nina, 1997-